000 00594nam a2200229 a 4500
999 _c10670
_d10670
001 10670
003 BD-JhCC
005 20221025134021.0
008 180807s20172008nyu |||| |||| 000 0 eng d
020 _a9789351035961
035 _a(BD-JhCC)10670
040 _aBD-JhCC
_dBD-JhCC
041 _aeng
082 _a813.6
_bCOL 2017
100 _aCollins, Suzanne
245 _aThe hunger games /
_cSuzanne Collins
260 _aNew York :
_bScholastic Press,
_c2017
300 _a374 p. :
_c21 cm.
490 _aNow a major motion picture
650 _aScience fiction
942 _2ddc
_cBK
_029